000 00742nam a22002297a 4500
003 UA-OsUOA
001 67492
007 ta
008 20100224b un ||||| |||| 00| 0 ukr d
090 _a347.96(477)(075)
_bС89
942 _cBK
040 _aUA-OsUOA
_bukr
_cUA-OsUOA
_dUA-OsUOA
245 _aСуд та інші правоохоронні органи. Правоохоронна діяльність
_bНавчальний посібник. Закони і коментарі
300 _a512 с.
955 _a2
041 _aukr
080 _a347.96(477)(075)
020 _a966-7714-08-Х
260 _aК.
_bАтіка
_c2001
650 7 _a347 Цивільне право. Судовий устрій
_2UDC
999 _c353648
_d353648